Lloyd's Law Reports (1966 vol.2)./ (Record no. 4497)
[ view plain ]
| 000 -LEADER | |
|---|---|
| fixed length control field | 00438nam a22001457a 4500 |
| 008 - FIXED-LENGTH DATA ELEMENTS--GENERAL INFORMATION | |
| fixed length control field | 140908b xxu||||| |||| 00| 0 eng d |
| 022 ## - INTERNATIONAL STANDARD SERIAL NUMBER | |
| International Standard Serial Number | 00245488 |
| 050 ## - LIBRARY OF CONGRESS CALL NUMBER | |
| Classification number | KD1815.A2.L57(1966 Vol.2) |
| 245 ## - TITLE STATEMENT | |
| Title | Lloyd's Law Reports (1966 vol.2)./ |
| Statement of responsibility, etc. | edited by E. S Mathers |
| 260 ## - PUBLICATION, DISTRIBUTION, ETC. | |
| Place of publication, distribution, etc. | London: |
| Name of publisher, distributor, etc. | Lloyd's of London Press, |
| Date of publication, distribution, etc. | 1966. |
| 300 ## - PHYSICAL DESCRIPTION | |
| Extent | xv, 571p.: |
| Dimensions | 24cm. |
| 440 ## - SERIES STATEMENT/ADDED ENTRY--TITLE | |
| Name of part/section of a work | Lloyd's Law Reports |
| Volume/sequential designation | vol.2 |
| 800 ## - SERIES ADDED ENTRY--PERSONAL NAME | |
| Personal name | Mathers E. S |
| 942 ## - ADDED ENTRY ELEMENTS (KOHA) | |
| Source of classification or shelving scheme | Library of Congress Classification |
| Koha item type | Books |
| Withdrawn status | Lost status | Source of classification or shelving scheme | Damaged status | Not for loan | Home library | Current library | Shelving location | Date acquired | Total Checkouts | Full call number | Barcode | Date last seen | Copy number | Price effective from | Koha item type |
|---|---|---|---|---|---|---|---|---|---|---|---|---|---|---|---|
| Library of Congress Classification | WISCONSIN INTERNATIONAL UNIVERSITY COLLEGE, GHANA - MAIN LIBRARY | WISCONSIN INTERNATIONAL UNIVERSITY COLLEGE, GHANA - MAIN LIBRARY | Law Library | 10/09/2014 | KD1815.A2.L57(1966 Vol.2) | 1195/184/14 | 10/09/2014 | 1 | 10/09/2014 | Books |
